000 00606nam a22002537a 4500
003 UA-OsUOA
001 20814
007 ta
008 20031104b un ||||| |||| 00| 0 ukr d
100 _aРозанов Г.Л.
700 _aЯковлев Н.Н.
090 _a91(100)
_bН72
942 _cBK
040 _aUA-OsUOA
_brus
_cUA-OsUOA
_dUA-OsUOA
245 _aНовейшая история (1917-1945)
300 _a262 с.
955 _a2
041 _arus
080 _a91(100)
260 _aМосква
_bПросвещение
_c1972
044 _aRU
650 7 _2UDC
999 _c306998
_d306998